000
00209 a2200097 4500
001
17100
100
_a
Johnson D E
245
_a
Basic Electric Circuit
260
_a
_b
Prentice Hall
_c
090
_c
12746
_d
12746
942
_a
NUST-CAE
_c
M
_c
3054
999
_c
252173
_d
252173